| 000 | 00432pab a2200181 454500 | ||
|---|---|---|---|
| 008 | 180718b2005 xxu||||| |||| 00| 0 eng d | ||
| 100 | _aDanson, Mike | ||
| 245 | _aOld industrial regions and employability | ||
| 260 | _c2005 | ||
| 300 | _ap.285-300. | ||
| 362 | _aFeb | ||
| 650 | _aIndustrial areas | ||
| 650 | _aLabour market | ||
| 650 | _aUnemployment | ||
| 650 | _aEmployment | ||
| 773 | _aUrban Studies | ||
| 909 | _a64960 | ||
| 999 |
_c64960 _d64960 |
||